| 000 | 01547nam a22002897a 4500 | ||
|---|---|---|---|
| 005 | 20230306154930.0 | ||
| 008 | 230306b ||||| |||| 00| 0 eng d | ||
| 020 | _a9789351483779 | ||
| 040 | _cAL | ||
| 041 | _aEng | ||
| 082 |
_223 _a231 _bDESP |
||
| 100 |
_aCyril Desbruslais _974291 |
||
| 245 | _aPhilosophy of God : Faith and Traditions | ||
| 260 |
_aPune _bJnana Deepa Vidyapeeth _c2019 |
||
| 300 |
_ax,129 p. _bPB _c23x15.5 cm. |
||
| 365 |
_a02302 _c₹ _d₹250.00 _f01-12-2022 |
||
| 440 |
_aJDV Philosophy Series-10 _974292 |
||
| 520 | _aWho is God? How can we relate to him? How can we visualise a spiritual leader? Borrowing from the classical Philosophy of God, Dr Cyril Desbruslais makes the philosophical reflections on God relevant for our times. The author has taken up critical reflection on our understanding of God and thence takes up the debate on whether God's existence can be proved or not. Besides the normal questions like proving God's existence, evil, creation-evolution, comparative religions, myths-idols, he attempts to relate the issue of God to human fulfilment. He lays stress on personal encounter with God and challenges us to transform ourselves and the world, by experiencing God as a lived reality in our midst. | ||
| 650 |
_aTheism _974293 |
||
| 650 |
_aInterfaith relations _974294 |
||
| 650 |
_aGod (Christianity) _974295 |
||
| 650 |
_aChristianity _974296 |
||
| 650 |
_aHinduism _974297 |
||
| 700 |
_aDESBRUSLAIS (Cyril) _974298 |
||
| 700 |
_aPANDIKATTU (Kuruvilla) Ed _974299 |
||
| 942 |
_2ddc _cBK |
||
| 999 |
_c226903 _d226903 |
||